000 00697nam a2200289Ia 4500
005 20260324112246.0
008 008 260324s9999 xx 000 0 eng d
020 _a9781003458227
037 _aEBOOK
040 _aCRL
040 _beng
040 _cCRL
041 _2eng
041 _aeng
084 _qCRL
100 _aPaulo de Assis; Adam Ɓukawski
_91141944
245 0 _aDecentralized Music
245 0 _bExploring Blockchain for Artistic Research
260 _bTaylor and Francis
260 _c2024
365 _a
365 _b225
856 _uhttp://www.taylorfrancis.com/books/9781003458227
942 _cEBOOK
999 _c1731088
_d1731088